US States, Territories and Minor Outlying Islands on a Map - Statistics

General Stats
  • This quiz has been taken 183 times
  • The average score is 52 of 65
Answers on the Map
Answers color-coded by a green-red scale on the quiz's map according to % correct below.
 
Answer Stats
Answer % Correct
Puerto Rico
94%
District of Columbia
91%
Guam
90%
Hawaii
90%
Alaska
89%
California
88%
Massachusetts
88%
Nevada
88%
New Hampshire
88%
New Mexico
88%
Oregon
88%
Vermont
88%
Colorado
87%
Florida
87%
Georgia
87%
Idaho
87%
Illinois
87%
Maine
87%
Michigan
87%
Montana
87%
New York
87%
Ohio
87%
Pennsylvania
87%
Rhode Island
87%
Virginia
87%
Washington
87%
Wisconsin
87%
Arizona
86%
Connecticut
86%
Delaware
86%
Indiana
86%
Iowa
86%
Kentucky
86%
Maryland
86%
Minnesota
86%
New Jersey
86%
North Carolina
86%
North Dakota
86%
South Carolina
86%
South Dakota
86%
Tennessee
86%
Texas
86%
United States Virgin Islands
86%
Utah
86%
Wyoming
86%
Alabama
85%
Kansas
85%
Mississippi
85%
Missouri
85%
Nebraska
85%
Oklahoma
85%
West Virginia
85%
Arkansas
84%
Louisiana
84%
American Samoa
78%
Northern Mariana Islands
73%
Wake Island
53%
Midway Atoll
50%
Johnston Atoll
47%
Jarvis Island
40%
Kingman Reef
39%
Navassa Island
39%
Palmyra Atoll
39%
Baker Island
38%
Howland Island
33%
No matching quizzes found
Score Distribution
Percent of People with Each Score
Percentile by Number Answered
Your Score History
You have not taken this quiz